Art and illusion: (Record no. 353303)

000 -LEADER
fixed length control field 00757 a2200241 4500
003 - CONTROL NUMBER IDENTIFIER
control field OSt
005 - DATE AND TIME OF LATEST TRANSACTION
control field 20180116192401.0
008 - FIXED-LENGTH DATA ELEMENTS--GENERAL INFORMATION
fixed length control field 120702t xxu||||| |||| 00| 0 eng d
010 ## - LIBRARY OF CONGRESS CONTROL NUMBER
LC control number 73164286
020 ## - INTERNATIONAL STANDARD BOOK NUMBER
International Standard Book Number 0714815500
020 ## - INTERNATIONAL STANDARD BOOK NUMBER
International Standard Book Number 9780714842080
040 ## - CATALOGING SOURCE
Transcribing agency 0
082 00 - DEWEY DECIMAL CLASSIFICATION NUMBER
Classification number 701.15
100 1# - MAIN ENTRY--PERSONAL NAME
Personal name Gombrich, E. H.
9 (RLIN) 5095
245 10 - TITLE STATEMENT
Title Art and illusion:
Remainder of title a study in the psychology of pictorial representation,
Statement of responsibility, etc. by E. H. Gombrich.
250 ## - EDITION STATEMENT
Edition statement 4th ed.
260 ## - PUBLICATION, DISTRIBUTION, ETC.
Place of publication, distribution, etc. London :
Name of publisher, distributor, etc. Phaldon;
Date of publication, distribution, etc. 2002.
300 ## - PHYSICAL DESCRIPTION
Extent xiv, 388 p. :
Other physical details illus. (some col.), facsims.
Dimensions 26 cm.
650 10 - SUBJECT ADDED ENTRY--TOPICAL TERM
Topical term or geographic name entry element Art
General subdivision Psychology.
9 (RLIN) 5096
650 10 - SUBJECT ADDED ENTRY--TOPICAL TERM
Topical term or geographic name entry element Artists
General subdivision Psychology
9 (RLIN) 5097
942 ## - ADDED ENTRY ELEMENTS (KOHA)
Institution code [OBSOLETE] SADA
Koha item type Book
Call number prefix 701.15 GOM 2002
Source of classification or shelving scheme
952 ## - LOCATION AND ITEM INFORMATION (KOHA)
-- BOOK
Holdings
Withdrawn status Lost status Source of classification or shelving scheme Damaged status Not for loan Permanent Location Current Location Date acquired Total Checkouts Full call number Barcode Date last seen Date last checked out Cost, replacement price Price effective from Koha item type
          School of Art Design and Architecture (SADA) School of Art Design and Architecture (SADA) 06/29/2011 1 701.15 GOM 2002 SADA0001438 02/26/2016 02/23/2016 1630.00 08/05/2011 Book
© 2023 Central Library, National University of Sciences and Technology. All Rights Reserved.